Hľadanie mechanizmu ekologickej hospodárskej politiky

Možnosti regulovania vzťahu spoločnosti a prírody podľa predstaviteľov neoklasických a neokeynesovských teórií. Formy cien za využívanie prírodných zdrojov. Galbraithova stratégia ochrany životného prostredia. Ekologické investície do priemyslu a infraštruktúry. Druhy poplatkov za znečistenie životn...

Descripción completa

Guardado en:
Detalles Bibliográficos
Autor principal: Lisý, Ján
Formato: Capítulo de libro
Lenguaje:eslovaco
Materias:
Etiquetas: Agregar Etiqueta
Sin Etiquetas, Sea el primero en etiquetar este registro!

MARC

LEADER 00000naa a2200000 4500
001 r003134
005 20230116100436.7
041 0 |a slo 
044 |a SK 
245 1 0 |a Hľadanie mechanizmu ekologickej hospodárskej politiky  |c Ján Lisý 
520 |a Možnosti regulovania vzťahu spoločnosti a prírody podľa predstaviteľov neoklasických a neokeynesovských teórií. Formy cien za využívanie prírodných zdrojov. Galbraithova stratégia ochrany životného prostredia. Ekologické investície do priemyslu a infraštruktúry. Druhy poplatkov za znečistenie životného prostredia vo vyspelých krajinách. 
610 2 0 |a politika hospodárska 
610 2 0 |a ekológia 
610 2 0 |a Galbraith, J.K. 
610 2 0 |a investície ekologické 
610 2 0 |a infraštruktúra 
610 2 0 |a neoklasicizmus 
610 2 0 |a ceny 
610 2 0 |a využitie zdrojov prírodných 
610 2 0 |a poplatky 
100 1 |a Lisý, Ján